Top 15 plus faibles taux de mortalités infantiles 2021 - Statistiques

Statistiques générales
  • Ce quiz a été pris 23 fois
  • Le résultat moyen est 8 sur 15
Statistiques - réponses
Hint Réponse % Correct
2.42 Finlande
94%
2.71 Japon
94%
2.72 Norvège
94%
2.35 Suède
94%
2.92 Irlande
89%
1.50 Islande
89%
1.92 Estonie
78%
2.89 Italie
72%
2.43 Slovénie
33%
2.73 Chypre
28%
2.27 Singapour
22%
2.88 Biélorussie
17%
1.46 Monténégro
17%
2.06 Hong Kong
6%
1.87 Mongolie
6%
Aucun quiz correspondant
Distribution des résultats
% des personnes avec chaque résultat
Percentile par nombre de réponses
Votre historique - résultats
Vous n’avez pas pris ce quiz